000 00943cam a2200301 a 4500
001 12401732
003 OSt
005 20140310182431.0
008 010425m20009999ph a b 001 0 eng
010 _a 2001307411
020 _a9789715848824
035 _a(DLC) 2001307411
037 _bLibrary of Congress -- Jakarta Overseas Office
_cP200.00
040 _aDLC
_cDLC
_dDLC
042 _alcode
043 _aa-ph---
050 0 0 _aB 5222
_b.G868 2009
100 1 _aGripaldo, Rolando M.
_97373
245 1 0 _aFilipino philosophy :
_btraditional approach /
_cRolando M. Gripaldo.
260 _aPhilippines :
_bC&E Publishing, Inc.,
_cc2009.
300 _a316 p. ;
_bill. ;
_c23 cm.
650 0 _aPhilosophy, Philippine.
_97374
906 _a7
_bcbc
_corigode
_d2
_encip
_f20
_gy-gencatlg
942 _2lcc
_cSSLC
999 _c13370
_d13370